University Home | Library Home | Institutional Repository

Another birth : (Record no. 83470)

MARC details
000 -LEADER
fixed length control field 01001cam2a220027700 4500
001 - CONTROL NUMBER
control field lce01517637
008 - FIXED-LENGTH DATA ELEMENTS--GENERAL INFORMATION
fixed length control field 830429s1981 cau b 000 0 eng
010 ## - LIBRARY OF CONGRESS CONTROL NUMBER
LC control number 82200570 //r854
035 ## - SYSTEM CONTROL NUMBER
System control number (Sirsi) r38970
035 ## - SYSTEM CONTROL NUMBER
System control number (DLC) 82200570 //r854
035 ## - SYSTEM CONTROL NUMBER
System control number (UPRA)lce01517637
041 1# - LANGUAGE CODE
Language code of text/sound track or separate title eng per
Language code of original eng per
050 0# - LIBRARY OF CONGRESS CALL NUMBER
Classification number PK6561.F264
Item number A237 1981
082 0# - DEWEY DECIMAL CLASSIFICATION NUMBER
Classification number 891/.5513
Edition number 19
100 1# - MAIN ENTRY--PERSONAL NAME
Personal name Farrukhzad, Furugh.
Linkage A100317.1
240 10 - UNIFORM TITLE
Uniform title Tavalludi-i digar. English
Language of a work Tavalludi-i digar. English
245 10 - TITLE STATEMENT
Title Another birth :
Remainder of title selected poems of Forugh Farrokhzad /
Statement of responsibility, etc. translated by Hasan Javadi and Susan Sallee.
260 ## - PUBLICATION, DISTRIBUTION, ETC.
Place of publication, distribution, etc. Emeryville, Calif. :
Name of publisher, distributor, etc. Albany Press,
Date of publication, distribution, etc. 1981.
440 #0 - SERIES STATEMENT/ADDED ENTRY--TITLE
Title Middle Eastern series ;
Volume/sequential designation no. 1
Linkage S16185.1
504 ## - BIBLIOGRAPHY, ETC. NOTE
Bibliography, etc. note Bibliography: p. 137-138.
700 1# - ADDED ENTRY--PERSONAL NAME
Personal name Javadi, Hasan.
Linkage A100318.1
700 1# - ADDED ENTRY--PERSONAL NAME
Personal name Sallee, Susan.
Linkage A100319.1
949 ## - LOCAL PROCESSING INFORMATION (OCLC)
a PK6561.F264
w lcc
i -46722
m MAIN
t BOOK
l ON-SHELF
949 ## - LOCAL PROCESSING INFORMATION (OCLC)
a PK6561.F264
w lcc
i -46723
m MAIN
p 1500
t BOOK
l ON-SHELF

No items available.

© 2026 - The University of Zambia Library - Koha v25.11